书目信息 |
| 题名: |
三千年文祸
|
|
| 作者: | 谢苍霖 , 万芳珍 著 | |
| 分册: | ||
| 出版信息: | 南昌 江西高校出版社 2002 |
|
| 页数: | 11,600页 | |
| 开本: | 20cm | |
| 丛书名: | ||
| 单 册: | ||
| 中图分类: | K220.5 , D904 | |
| 科图分类: | ||
| 主题词: | 历史事件--中国--古代 , 文字狱--中国--古代 , 法的理论 , 法学 | |
| 电子资源: | ||
| ISBN: | 7-81033-117-5 | |
| 000 | 00919nam0 2200289 450 | |
| 001 | 1534399583 | |
| 005 | 20150118140347.64 | |
| 010 | @a7-81033-117-5@dCNY26.00 | |
| 100 | @a20030903e20032002em y0chiy50 ea | |
| 101 | 0 | @achi |
| 102 | @aCN@b360000 | |
| 105 | @ay---z---000zy | |
| 200 | 1 | @a三千年文祸@9san qian nian wen huo@f谢苍霖,万芳珍著 |
| 205 | @a2版@b修订本 | |
| 210 | @a南昌@c江西高校出版社@d2002@h2003重印 | |
| 215 | @a11,600页@d20cm | |
| 330 | @a关于中国历史上三千年来文字狱的研究,包括:秦始皇焚书坑儒考述,两汉外戚宦官专权与谏谤之祸,隋唐五代谏祸,隋唐五代诗文祸,明初文祸等。 | |
| 606 | 0 | @a历史事件@y中国@z古代 |
| 606 | 0 | @a文字狱@y中国@z古代 |
| 606 | 0 | @a法的理论 |
| 606 | 0 | @a法学 |
| 690 | @aK220.5@v5 | |
| 690 | @aD904@v4 | |
| 701 | 0 | @a谢苍霖@9xie cang lin@f(1947~2006)@4著 |
| 701 | 0 | @a万芳珍@9wan fang zhen@c(文史)@4著 |
| 801 | 0 | @aCN@bTSSF@c20150118 |
| 905 | @aZUCC@dD904@eJY2=2 | |
| 三千年文祸/谢苍霖,万芳珍著.-2版,修订本.-南昌:江西高校出版社,2002(2003重印) |
| 11,600页;20cm |
| ISBN 7-81033-117-5:CNY26.00 |
| 关于中国历史上三千年来文字狱的研究,包括:秦始皇焚书坑儒考述,两汉外戚宦官专权与谏谤之祸,隋唐五代谏祸,隋唐五代诗文祸,明初文祸等。 |
| ● |
| 相关链接 |
|
|
|
|
正题名:三千年文祸
索取号:D904/JY2=2
 
预约/预借
| 序号 | 登录号 | 条形码 | 馆藏地/架位号 | 状态 | 备注 |
| 1 | 7852323 | 278523233 | 学院路分馆/ [索取号:D904/JY2=2] | 在馆 | |
| 2 | 7852324 | 278523242 | 学院路分馆/ [索取号:D904/JY2=2] | 在馆 | |
| 3 | 7852325 | 278523251 | 学院路分馆/ [索取号:D904/JY2=2] | 在馆 | |
| 4 | 7852326 | 278523260 | 学院路分馆/ [索取号:D904/JY2=2] | 在馆 |